Vegyes
Elmentve itt :
| Dokumentumtípus: | Cikk |
|---|---|
| Megjelent: |
1916
|
| Sorozat: | Magyar pedagógia : a Magyar Tudományos Akadémia Pedagógiai Bizottságának folyóirata
25 |
| Kulcsszavak: | Oktatásügy Magyarország 1916, Pedagógiai szakirodalom magyar 1916 |
| Online Access: | http://misc.bibl.u-szeged.hu/9553 |
| LEADER | 00611nab a2200169 i 4500 | ||
|---|---|---|---|
| 001 | misc9553 | ||
| 005 | 20191106143429.0 | ||
| 008 | 170607s1916 hu o 0|| hun d | ||
| 022 | |a 0025-0260 | ||
| 040 | |a SZTE Miscellanea Repozitórium |b hun | ||
| 041 | |a hun | ||
| 245 | 0 | 0 | |a Vegyes |h [elektronikus dokumentum] |
| 260 | |c 1916 | ||
| 300 | |a 90-92 | ||
| 490 | 0 | |a Magyar pedagógia : a Magyar Tudományos Akadémia Pedagógiai Bizottságának folyóirata |v 25 | |
| 695 | |a Oktatásügy Magyarország 1916, Pedagógiai szakirodalom magyar 1916 | ||
| 856 | 4 | 0 | |u http://misc.bibl.u-szeged.hu/9553/1/mp_1916_090-092.pdf |z Dokumentum-elérés |